[Event "Steyr Landesliga 1213"]
[Site "Austria"]
[Date "2013.05.04"]
[Round "11.7"]
[White "Dietl, August"]
[Black "Preck, Helmut"]
[Result "0-1"]
[WhiteElo "1745"]
[BlackElo "2017"]
[PlyCount "64"]
[EventDate "2012.09.22"]
[EventType "team-tourn"]
[EventRounds "11"]
[EventCountry "AUT"]
[SourceTitle "EXT 2014"]
[Source "ChessBase"]
[SourceDate "2013.11.20"]
[SourceVersion "1"]
[SourceVersionDate "2013.11.20"]
[SourceQuality "1"]
[WhiteTeam "Liezen Admont"]
[BlackTeam "Graz Austria"]
[WhiteTeamCountry "AUT"]
[BlackTeamCountry "AUT"]

1. e4 e6 2. Nf3 d5 3. e5 c5 4. Bb5+ Bd7 5. Bxd7+ Nxd7 6. 0-0 Ne7 7. d4 cxd4 8. Qxd4 Qc7 9. Nc3 a6 10. Re1 Ng6 11. b4 Rc8 12. Bb2 Qc4 13. Qxc4 Rxc4 14. a3 Be7 15. Rac1 b5 16. g3 0-0 17. Nd1 Rfc8 18. c3 Nb6 19. Ne3 R4c7 20. h4 Na4 21. Ba1 Nxc3 22. Kg2 Nf8 23. Nd4 Nd7 24. f4 g6 25. Ndc2 Bd8 26. Kf3 Ne4 27. Red1 Nb6 28. Bd4 Nc4 29. Ra1 Ncd2+ 30. Ke2 Nb3 31. Ra2 Nxd4+ 32. Nxd4 Nc3+ 0-1